Online
Catalog
Normal view MARC view

Entry Nombre personal

Number of records used in: 8

001 - NÚMERO DE CONTROL

  • campo de control: 38178

003 - IDENTIFICADOR DEL NÚMERO DE CONTROL

  • campo de control: BNPHU

005 - FECHA Y HORA DE LA ÚLTIMA TRANSACCIÓN

  • campo de control: 20240904103801.0

008 - DATOS DE LONGITUD FIJA

  • campo de control de longitud fija: 200615|| aca||aabn | a|a d

010 ## - NÚMERO DE CONTROL DE LA BIBLIOTECA DEL CONGRESO

  • Número de control de LC: n 79032879

040 ## - FUENTE DE LA CATALOGACIÓN

  • Centro catalogador/agencia de origen: DO-SdBNP
  • Lengua de catalogación: spa
  • Centro/agencia transcriptor: BNPHU
  • Normas de descripción: rda

100 1# - ENCABEZAMIENTO-NOMBRE DE PERSONA

  • Nombre de persona: Austen, Jane,
  • Fechas asociadas al nombre: 1775-1817

370 ## - LUGAR ASOCIADO

  • Lugar de nacimiento: Steventon (Hampshire, Inglaterra)
  • Lugar de fallecimiento: Winchester (Inglaterra)
  • País asociado: Inglaterra
  • País asociado: Gran Bretaña
  • Lugar de residencia/sede: Bath (Inglaterra)

372 ## - CAMPO DE ACTIVIDAD

  • Campo de actividad: Ficción, Novela

374 ## - OCUPACIÓN

  • Ocupación: Escritora
  • Ocupación: Novelista

377 ## - LENGUA/LENGUAJE ASOCIADO

  • Código del idioma: Inglés
  • Término de lengua/lenguaje: eng

400 1# - TRAZADO DE VÉASE--NOMBRE DE PERSONA

  • Nombre de persona: Ostin, Dzhein,
  • Fechas asociadas al nombre: 1775-1817

400 1# - TRAZADO DE VÉASE--NOMBRE DE PERSONA

  • Nombre de persona: Ao-ssu-ting,
  • Fechas asociadas al nombre: 1775-1817

400 1# - TRAZADO DE VÉASE--NOMBRE DE PERSONA

  • Nombre de persona: Ao-ssu-ting, Chien,
  • Fechas asociadas al nombre: 1775-1817

400 1# - TRAZADO DE VÉASE--NOMBRE DE PERSONA

  • Nombre de persona: Austenová, Jane,
  • Fechas asociadas al nombre: 1775-1817

670 ## - FUENTE DE DATOS ENCONTRADOS

  • Cita de la fuente: Work cat.: (OSt)16988: Austen, Jane, 1775-1817., Pride and prejudice /, 1967.

670 ## - FUENTE DE DATOS ENCONTRADOS

  • Cita de la fuente: Sentido y sensibilidad, 2014
  • Información encontrada: port. (Jane Austen)
  • Identificador Uniforme del Recurso: https://viaf.org/processed/BNE%7CXX1124986 Consultado en 04 de septiembre, 2024

670 ## - FUENTE DE DATOS ENCONTRADOS

  • Cita de la fuente: Orgullo y prejuicio, 1986‏
  • Información encontrada: port. (Jane Austen)
  • Identificador Uniforme del Recurso: https://viaf.org/processed/BNE%7CXX1124986 Consultado en 04 de septiembre, 2024

670 ## - FUENTE DE DATOS ENCONTRADOS

  • Cita de la fuente: Ao-ssu-ting yen chiu, 1985:
  • Información encontrada: portada (Ao-ssu-ting) p. 367 (Chien Ao-ssu-ting)

670 ## - FUENTE DE DATOS ENCONTRADOS

  • Cita de la fuente: Ema, 1934:
  • Información encontrada: portada (Jane Austenová)

Powered by Koha